| 000 | 00456nam a22001457a 4500 | ||
|---|---|---|---|
| 008 | 250623b |||||||| |||| 00| 0 eng d | ||
| 020 | _a9780429883 | ||
| 050 |
_aLC3988.N6 _b.F73 |
||
| 100 | _aFrancisca Chigbu Eberechukou | ||
| 245 | _aGuide and counseling for special needs | ||
| 260 |
_aOwerri _bScannergraphics printing press _c2022 |
||
| 300 | _axvi,304p. | ||
| 650 |
_aSpecial education-Nigeria _vStudents with disabilities-counseling |
||
| 942 | _cBK | ||
| 999 |
_c3929 _d3929 |
||